[Event "SM-2018-0-00395"]
[Site "LSS email"]
[Date "2018.06.24"]
[Round "?"]
[White "Sander, Ingo"]
[Black "Steinke, Ruediger"]
[Result "1/2-1/2"]
[WhiteElo "2265"]
[BlackElo "2363"]
[PlyCount "38"]
[EventDate "2018.03.24"]
[EventType "tourn (corr)"]
[EventRounds "6"]
[EventCountry "GER"]
[SourceTitle "Corr 2022"]
[Source "ChessBase"]
[SourceDate "2021.10.24"]
[SourceVersion "1"]
[SourceVersionDate "2021.10.24"]
[SourceQuality "1"]

1. d4 Nf6 2. Nf3 d5 3. c4 e6 4. Nc3 c6 5. e3 Bd6 6. Bd3 Nbd7 7. e4 dxe4 8. Nxe4 Nxe4 9. Bxe4 e5 10. 0-0 exd4 11. Qxd4 Qf6 12. Rd1 Bc7 13. Bg5 Qxd4 14. Nxd4 Ne5 15. c5 0-0 16. Re1 h6 17. Bh4 Nd7 18. Rac1 Bf4 19. Rc2 a5 1/2-1/2

[Event "SM-2015-0-00334"]
[Site "LSS email"]
[Date "2015.08.21"]
[Round "?"]
[White "Sander, Ingo"]
[Black "Mayer, Eduardo"]
[Result "1/2-1/2"]
[WhiteElo "2256"]
[BlackElo "2354"]
[PlyCount "53"]
[EventDate "2015.06.25"]
[EventType "tourn (corr)"]
[EventRounds "6"]
[EventCountry "GER"]
[SourceTitle "Corr 2022"]
[Source "ChessBase"]
[SourceDate "2021.10.24"]
[SourceVersion "1"]
[SourceVersionDate "2021.10.24"]
[SourceQuality "1"]

1. e4 e5 2. Nf3 Nc6 3. Bb5 a6 4. Ba4 Nf6 5. 0-0 b5 6. Bb3 Bc5 7. a4 Bb7 8. c3 0-0 9. d4 Bb6 10. dxe5 Nxe4 11. Bd5 Nc5 12. Na3 Ne6 13. Nc2 d6 14. Nb4 Qd7 15. Ng5 Nxg5 16. Bxg5 Rfe8 17. Be3 Bc5 18. axb5 axb5 19. Rxa8 Bxa8 20. Nd3 Ba7 21. Bxa7 Nxa7 22. Bxa8 Rxa8 23. Nb4 Rd8 24. exd6 Qxd6 25. Qxd6 Rxd6 26. Ra1 g6 27. f4 1/2-1/2

[Event "SM-2015-0-00332"]
[Site "LSS email"]
[Date "2015.08.12"]
[Round "?"]
[White "Klimakovs, Sergejs"]
[Black "Sander, Ingo"]
[Result "1/2-1/2"]
[WhiteElo "2299"]
[BlackElo "2256"]
[PlyCount "65"]
[EventDate "2015.06.21"]
[EventType "tourn (corr)"]
[EventRounds "6"]
[EventCountry "GER"]
[SourceTitle "Corr 2022"]
[Source "ChessBase"]
[SourceDate "2021.10.24"]
[SourceVersion "1"]
[SourceVersionDate "2021.10.24"]
[SourceQuality "1"]

1. e4 e6 2. d4 d5 3. Nc3 Nf6 4. e5 Nfd7 5. f4 c5 6. Nf3 Nc6 7. Be3 a6 8. Qd2 b5 9. a3 Qa5 10. Ra2 Qb6 11. Ne2 Qc7 12. c3 Na5 13. Ng3 cxd4 14. cxd4 Nc4 15. Qf2 Nxe3 16. Qxe3 Nb6 17. Bd3 g6 18. h4 h5 19. 0-0 Nc4 20. Qc1 Qb6 21. Ne2 Bb7 22. b3 Na5 23. Qb1 Rg8 24. Kh2 Be7 25. Ng5 Rc8 26. Rf3 Nc6 27. Qg1 a5 28. Qe3 Ba6 29. f5 gxf5 30. Nxf7 Kxf7 31. Qh6 Nxd4 32. Qxh5+ Kf8 33. Qh6+ 1/2-1/2

[Event "SM-2015-0-00334"]
[Site "LSS email"]
[Date "2015.08.12"]
[Round "?"]
[White "Ortiz, Manuel"]
[Black "Sander, Ingo"]
[Result "1/2-1/2"]
[WhiteElo "2272"]
[BlackElo "2256"]
[PlyCount "47"]
[EventDate "2015.06.25"]
[EventType "tourn (corr)"]
[EventRounds "6"]
[EventCountry "GER"]
[SourceTitle "Corr 2022"]
[Source "ChessBase"]
[SourceDate "2021.10.24"]
[SourceVersion "1"]
[SourceVersionDate "2021.10.24"]
[SourceQuality "1"]

1. e4 e5 2. Nf3 Nc6 3. Bb5 Nf6 4. 0-0 Nxe4 5. Re1 Nd6 6. Bxc6 dxc6 7. Nxe5 Be7 8. d3 0-0 9. b3 f6 10. Nf3 Bg4 11. h3 Bh5 12. Nbd2 Re8 13. Nf1 Qd7 14. Bb2 Bf8 15. Rxe8 Rxe8 16. Ng3 Bf7 17. Qf1 Nf5 18. Nxf5 Qxf5 19. Re1 Bd6 20. Rxe8+ Bxe8 21. Qe2 Kf7 22. Nd2 c5 23. Ne4 Bc6 24. Nxd6+ 1/2-1/2

[Event "SM-2015-0-00333"]
[Site "LSS email"]
[Date "2015.08.12"]
[Round "?"]
[White "Sander, Ingo"]
[Black "Sherwood, Russell"]
[Result "1/2-1/2"]
[WhiteElo "2256"]
[BlackElo "2211"]
[PlyCount "77"]
[EventDate "2015.06.23"]
[EventType "tourn (corr)"]
[EventRounds "6"]
[EventCountry "GER"]
[SourceTitle "Corr 2022"]
[Source "ChessBase"]
[SourceDate "2021.10.24"]
[SourceVersion "1"]
[SourceVersionDate "2021.10.24"]
[SourceQuality "1"]

1. c4 e5 2. Nc3 Nf6 3. g3 Bb4 4. Bg2 0-0 5. Nf3 Nc6 6. 0-0 e4 7. Ng5 Bxc3 8. bxc3 Re8 9. f3 exf3 10. Nxf3 Qe7 11. e3 d6 12. Nd4 Ne5 13. d3 Bg4 14. Qc2 Rab8 15. e4 Nfd7 16. Nf5 Bxf5 17. Rxf5 Qe6 18. a4 c6 19. a5 b5 20. cxb5 cxb5 21. a6 b4 22. cxb4 Rec8 23. Qd1 Rxb4 24. d4 Nc4 25. Qe1 Rcb8 26. Rf1 h6 27. Ra2 Nb2 28. Ra3 Rxd4 29. Qf2 Rdb4 30. Qxa7 Nc4 31. Ra1 Nde5 32. Qd4 Nc6 33. Qd5 Qd7 34. Kh1 R8b5 35. Qd3 Qa7 36. Bf4 N6e5 37. Bxe5 Nxe5 38. Qxd6 Rb2 39. Qd1 1/2-1/2

[Event "CP-2014-P-00058"]
[Site "LSS email"]
[Date "2014.09.30"]
[Round "?"]
[White "Correa de Almeida, Claudio"]
[Black "Sander, Ingo"]
[Result "0-1"]
[WhiteElo "1516"]
[BlackElo "2240"]
[PlyCount "118"]
[EventDate "2014.10.01"]
[EventType "tourn (corr)"]
[EventRounds "6"]
[EventCountry "GER"]
[SourceTitle "Corr 2022"]
[Source "ChessBase"]
[SourceDate "2021.10.24"]
[SourceVersion "1"]
[SourceVersionDate "2021.10.24"]
[SourceQuality "1"]

1. d4 Nf6 2. Bg5 d5 3. Bxf6 exf6 4. e3 Bd6 5. c4 dxc4 6. Bxc4 0-0 7. Nc3 f5 8. Nf3 Nd7 9. 0-0 c6 10. Qc2 Nf6 11. a3 Qe7 12. Rae1 g6 13. h3 Bd7 14. Bd3 Rfe8 15. e4 fxe4 16. Nxe4 Nxe4 17. Rxe4 Qf6 18. Rfe1 Rxe4 19. Bxe4 Re8 20. Qb3 Bc8 21. Re3 Kg7 22. d5 c5 23. Qa4 Re7 24. Qb3 b6 25. Qc2 b5 26. Re1 c4 27. Re3 Bc5 28. Re2 Bb7 29. Qd2 a5 30. Re1 b4 31. Qc2 c3 32. axb4 axb4 33. bxc3 Qxc3 34. Qb1 b3 35. Rc1 Qb4 36. Qb2+ f6 37. Rc3 Ba8 38. d6 Rxe4 39. d7 Be7 40. Qxb3 Qxb3 41. Rxb3 Bc6 42. Rd3 Bd8 43. Rd6 Ba4 44. Rd3 Kf7 45. Nd4 Ke7 46. f3 Re1+ 47. Kf2 Rb1 48. f4 Bxd7 49. Re3+ Kf7 50. Rb3 Rxb3 51. Nxb3 Bb6+ 52. Kg3 Ke6 53. Nc1 Bb5 54. Kf3 h5 55. h4 Bc4 56. Ne2 Bxe2+ 57. Kxe2 Kf5 58. Kf3 Bc7 59. g3 Bb6 0-1

[Event "CP-2014-P-00058"]
[Site "LSS email"]
[Date "2014.09.30"]
[Round "?"]
[White "Sarakenidis, Nikolaos"]
[Black "Sander, Ingo"]
[Result "1/2-1/2"]
[WhiteElo "2287"]
[BlackElo "2240"]
[PlyCount "42"]
[EventDate "2014.10.01"]
[EventType "tourn (corr)"]
[EventRounds "6"]
[EventCountry "GER"]
[SourceTitle "Corr 2022"]
[Source "ChessBase"]
[SourceDate "2021.10.24"]
[SourceVersion "1"]
[SourceVersionDate "2021.10.24"]
[SourceQuality "1"]

1. d4 Nf6 2. c4 e6 3. Nc3 Bb4 4. Qc2 0-0 5. Nf3 c5 6. dxc5 Na6 7. g3 Nxc5 8. Bg2 Nce4 9. 0-0 Nxc3 10. bxc3 Be7 11. e4 d6 12. e5 dxe5 13. Nxe5 Qc7 14. Qe2 Nd7 15. Bf4 Nxe5 16. Bxe5 Bd6 17. Rfe1 Bxe5 18. Qxe5 Qxc4 19. a4 a5 20. Red1 f6 21. Qd6 Re8 1/2-1/2

[Event "SM-2014-0-00304"]
[Site "LSS email"]
[Date "2014.09.16"]
[Round "?"]
[White "Sander, Ingo"]
[Black "Szabo, Mihaly"]
[Result "1/2-1/2"]
[WhiteElo "2240"]
[BlackElo "2346"]
[PlyCount "41"]
[EventDate "2014.08.12"]
[EventType "tourn (corr)"]
[EventRounds "6"]
[EventCountry "GER"]
[SourceTitle "Corr 2022"]
[Source "ChessBase"]
[SourceDate "2021.10.24"]
[SourceVersion "1"]
[SourceVersionDate "2021.10.24"]
[SourceQuality "1"]

1. e4 c5 2. Nf3 d6 3. Bb5+ Bd7 4. Bxd7+ Qxd7 5. c4 Nc6 6. Nc3 g6 7. d4 cxd4 8. Nxd4 Nf6 9. 0-0 Bg7 10. Nde2 0-0 11. f3 a6 12. a4 Qd8 13. Be3 Nd7 14. Rb1 Qa5 15. Qd2 Qb4 16. b3 e6 17. Rfd1 Rfd8 18. Bg5 Bf6 19. Bxf6 Nxf6 20. Nd4 Rac8 21. Kh1 1/2-1/2

[Event "SM-2014-0-00300"]
[Site "LSS email"]
[Date "2014.08.13"]
[Round "?"]
[White "Sander, Ingo"]
[Black "Podvoysky, Evgeny Borisovich"]
[Result "1/2-1/2"]
[WhiteElo "2233"]
[BlackElo "2227"]
[PlyCount "51"]
[EventDate "2014.07.19"]
[EventType "tourn (corr)"]
[EventRounds "6"]
[EventCountry "GER"]
[SourceTitle "Corr 2015"]
[Source "ChessBase"]
[SourceDate "2015.07.17"]
[SourceVersion "1"]
[SourceVersionDate "2015.07.17"]
[SourceQuality "1"]

1. e4 e5 2. Nf3 Nc6 3. Bb5 f5 4. d3 fxe4 5. dxe4 Nf6 6. 0-0 Bc5 7. Qd3 d6 8. Qc4 Qe7 9. Nc3 Bd7 10. Nd5 Nxd5 11. exd5 Nd4 12. Bxd7+ Qxd7 13. Nxd4 Bxd4 14. a4 a6 15. Be3 Bxe3 16. fxe3 0-0-0 17. Rf2 Rhf8 18. Raf1 Rxf2 19. Rxf2 Kb8 20. b3 Qe7 21. Qe4 g6 22. Qf3 Rc8 23. c4 e4 24. Qd1 a5 25. Qd4 Rf8 26. Rxf8+ 1/2-1/2

[Event "WC-2015-Q-00005"]
[Site "LSS email"]
[Date "2012.09.11"]
[Round "?"]
[White "Mason, Ian C"]
[Black "Sander, Ingo"]
[Result "1-0"]
[WhiteElo "2144"]
[BlackElo "2221"]
[PlyCount "91"]
[EventDate "2012.09.17"]
[EventType "tourn (corr)"]
[EventRounds "10"]
[EventCountry "GER"]
[SourceTitle "Telechess CBM 163"]
[Source "ChessBase"]
[SourceDate "2014.11.11"]
[SourceVersion "2"]
[SourceVersionDate "2014.11.11"]
[SourceQuality "1"]

1. d4 f5 2. g3 Nf6 3. Bg2 e6 4. Nf3 d5 5. 0-0 Bd6 6. c4 c6 7. b3 Qe7 8. Bb2 b6 9. Ne5 Bb7 10. Nd2 0-0 11. Rc1 a5 12. e3 Na6 13. Qe2 Nc7 14. Rfd1 a4 15. Ndf3 c5 16. Nd3 Ne4 17. Nfe5 Ne8 18. Qc2 axb3 19. axb3 N8f6 20. Ra1 Ng5 21. Qe2 Nf7 22. Nf4 Ne4 23. cxd5 exd5 24. Qb5 Nxe5 25. dxe5 Bxe5 26. Rxa8 Bxa8 27. Bxe5 Qxe5 28. Qxb6 Rb8 29. Qa7 Rd8 30. h4 Qd6 31. Bxe4 fxe4 32. Rc1 Rc8 33. h5 c4 34. bxc4 dxc4 35. Qa2 Qc5 36. h6 gxh6 37. Rd1 Qe7 38. Qa6 Bb7 39. Nd5 Qf7 40. Nf6+ Kh8 41. Qb6 Rf8 42. Rd8 c3 43. Rxf8+ Qxf8 44. Nd7 Qf3 45. Qd8+ Kg7 46. Ne5 1-0

[Event "WC-2015-Q-00005"]
[Site "LSS email"]
[Date "2012.09.11"]
[Round "?"]
[White "Putman, Marcel"]
[Black "Sander, Ingo"]
[Result "1-0"]
[WhiteElo "2288"]
[BlackElo "2221"]
[PlyCount "91"]
[EventDate "2012.09.17"]
[EventType "tourn (corr)"]
[EventRounds "10"]
[EventCountry "GER"]
[SourceTitle "Telechess CBM 163"]
[Source "ChessBase"]
[SourceDate "2014.11.11"]
[SourceVersion "2"]
[SourceVersionDate "2014.11.11"]
[SourceQuality "1"]

1. d4 f5 2. Bg5 g6 3. Nc3 Bg7 4. h4 h6 5. Bf4 Nf6 6. e3 d6 7. Qf3 0-0 8. Bc4+ e6 9. Nge2 Nc6 10. a3 Kh7 11. Bg5 Qe8 12. Bxf6 Bxf6 13. 0-0-0 e5 14. Nd5 Bd8 15. Qg3 Be6 16. Ba2 Qf7 17. dxe5 dxe5 18. Nec3 Rb8 19. Rd2 b5 20. Rhd1 a5 21. a4 b4 22. Ne2 Kh8 23. Bc4 Bf6 24. Nxf6 Qxf6 25. Bxe6 Qxe6 26. b3 Rbd8 27. Rxd8 Rxd8 28. Rxd8+ Nxd8 29. h5 g5 30. Qf3 c6 31. Ng3 f4 32. Ne4 Kg7 33. Nd2 Nb7 34. Nc4 e4 35. Qd1 c5 36. exf4 gxf4 37. Qd2 Qf5 38. Kb1 Qf7 39. g4 fxg3 40. fxg3 Qxh5 41. Qd7+ Qf7 42. Qc6 Qe7 43. Ne3 Kg8 44. Nf5 Qf8 45. Qg6+ Kh8 46. Nxh6 1-0

[Event "WC-2015-Q-00005"]
[Site "LSS email"]
[Date "2012.09.11"]
[Round "?"]
[White "Sander, Ingo"]
[Black "Mason, Ian C"]
[Result "1/2-1/2"]
[WhiteElo "2221"]
[BlackElo "2144"]
[PlyCount "89"]
[EventDate "2012.09.17"]
[EventType "tourn (corr)"]
[EventRounds "10"]
[EventCountry "GER"]
[SourceTitle "Telechess CBM 163"]
[Source "ChessBase"]
[SourceDate "2014.11.11"]
[SourceVersion "2"]
[SourceVersionDate "2014.11.11"]
[SourceQuality "1"]

1. d4 Nf6 2. c4 e6 3. Nc3 Bb4 4. e3 0-0 5. Bd3 d5 6. Nf3 c5 7. 0-0 dxc4 8. Bxc4 Nbd7 9. a3 Ba5 10. Bd2 cxd4 11. exd4 Bxc3 12. bxc3 Qc7 13. Bd3 b6 14. Re1 Bb7 15. a4 a5 16. Ne5 Nxe5 17. Rxe5 Rfd8 18. Re3 Rac8 19. Qe2 Re8 20. Re1 Red8 21. Rg3 Rd5 22. Qe3 Rh5 23. c4 Qd6 24. Qf4 Qxf4 25. Bxf4 Kh8 26. Be5 Rh4 27. Bf1 Bc6 28. h3 Bxa4 29. Rb1 Re4 30. Ra3 Bc6 31. f3 Rxe5 32. dxe5 Nd7 33. c5 bxc5 34. Rxa5 g5 35. Ra7 Nxe5 36. Re1 f6 37. Ba6 Ra8 38. Rxa8+ Bxa8 39. Rc1 Kg7 40. Rxc5 Bd5 41. Kf2 h5 42. Rc7+ Kg6 43. Bb5 h4 44. Ke3 f5 45. Ba6 1/2-1/2

[Event "WC-2015-Q-00005"]
[Site "LSS email"]
[Date "2012.09.11"]
[Round "?"]
[White "Sander, Ingo"]
[Black "Ortiz, Manuel"]
[Result "1-0"]
[WhiteElo "2221"]
[BlackElo "2095"]
[PlyCount "51"]
[EventDate "2012.09.17"]
[EventType "tourn (corr)"]
[EventRounds "10"]
[EventCountry "GER"]
[SourceTitle "Telechess CBM 163"]
[Source "ChessBase"]
[SourceDate "2014.11.11"]
[SourceVersion "2"]
[SourceVersionDate "2014.11.11"]
[SourceQuality "1"]

1. d4 e6 2. c4 Nf6 3. Nc3 Bb4 4. e3 b6 5. Nge2 Bb7 6. a3 Bd6 7. Qc2 c5 8. d5 0-0 9. Ng3 Be5 10. e4 exd5 11. exd5 Re8 12. Be2 d6 13. 0-0 a6 14. a4 Nbd7 15. Re1 Qc7 16. Bg5 h6 17. Bd2 Bc8 18. Bf1 Bxg3 19. Rxe8+ Nxe8 20. hxg3 Ne5 21. f3 Nf6 22. g4 Bd7 23. Be1 Re8 24. Bh4 Nh7 25. Bg3 Nf6 26. Qd2 1-0

[Event "WC-2015-Q-00005"]
[Site "LSS email"]
[Date "2012.09.11"]
[Round "?"]
[White "Skonieczny, Jerzy"]
[Black "Sander, Ingo"]
[Result "1-0"]
[WhiteElo "2341"]
[BlackElo "2221"]
[PlyCount "69"]
[EventDate "2012.09.17"]
[EventType "tourn (corr)"]
[EventRounds "10"]
[EventCountry "GER"]
[SourceTitle "Telechess CBM 163"]
[Source "ChessBase"]
[SourceDate "2014.11.11"]
[SourceVersion "2"]
[SourceVersionDate "2014.11.11"]
[SourceQuality "1"]

1. e4 e5 2. Nf3 Nc6 3. c3 Nf6 4. d4 Nxe4 5. d5 Ne7 6. Nxe5 Ng6 7. Nxg6 hxg6 8. Bd3 Nf6 9. 0-0 Bc5 10. Re1+ Kf8 11. Bg5 Rh5 12. h4 d6 13. b4 Bb6 14. Nd2 Bg4 15. Qb3 Qd7 16. a4 a6 17. Qc4 Bf5 18. Be2 Bg4 19. a5 Bxe2 20. Rxe2 Ba7 21. Rae1 Ng4 22. Nf3 Rc8 23. Re7 Bxf2+ 24. Kf1 Qb5 25. Qxb5 axb5 26. R1e4 f5 27. Re2 Bg3 28. Nd4 Nf6 29. Bxf6 gxf6 30. R2e6 Rxh4 31. Rd7 Be5 32. Nxb5 Rf4+ 33. Ke2 Rh4 34. Ree7 c6 35. Nc7 1-0

[Event "SM-2011-0-00164"]
[Site "LSS email"]
[Date "2011.07.30"]
[Round "?"]
[White "Sander, Ingo"]
[Black "Szczepanski, Zbigniew"]
[Result "0-1"]
[WhiteElo "2247"]
[BlackElo "2452"]
[PlyCount "106"]
[EventDate "2011.06.18"]
[EventType "tourn (corr)"]
[EventRounds "6"]
[EventCountry "GER"]
[SourceTitle "Corr 2015"]
[Source "ChessBase"]
[SourceDate "2015.07.17"]
[SourceVersion "1"]
[SourceVersionDate "2015.07.17"]
[SourceQuality "1"]

1. d4 d5 2. c4 c6 3. Nf3 Nf6 4. e3 Bf5 5. Nc3 e6 6. Nh4 Bg4 7. Qb3 Qc7 8. h3 Bh5 9. g4 Bg6 10. Nxg6 hxg6 11. Bg2 Nbd7 12. g5 dxc4 13. Qxc4 Nd5 14. Bd2 0-0-0 15. Qb3 Qb6 16. Nxd5 exd5 17. Qc3 Kb8 18. a4 Qc7 19. a5 a6 20. Qb3 Be7 21. h4 Nf8 22. 0-0-0 Ne6 23. Kb1 Bd6 24. f4 Qe7 25. Bf3 Nc7 26. Rh2 Nb5 27. Rdh1 Bc7 28. h5 gxh5 29. Rxh5 Rxh5 30. Rxh5 Qe6 31. Qc2 Nd6 32. b3 Qe7 33. Rh7 Nb5 34. Qd3 Qa3 35. Bc1 Qf8 36. Bd2 Bd6 37. g6 fxg6 38. Qxg6 Bb4 39. Bc1 Rd7 40. Qh5 Ka7 41. Rh8 Qd6 42. Qe5 Qg6+ 43. f5 Qd6 44. Bg4 Qc7 45. Qxc7 Rxc7 46. Kc2 Bxa5 47. Kd3 Rf7 48. Rh3 Bb4 49. e4 dxe4+ 50. Kxe4 Nd6+ 51. Ke5 Kb6 52. Rd3 Kc7 53. d5 c5 0-1

[Event "SM-2011-0-00164"]
[Site "LSS email"]
[Date "2011.07.29"]
[Round "?"]
[White "Sander, Ingo"]
[Black "Retamoza, Francisco"]
[Result "1/2-1/2"]
[WhiteElo "2247"]
[BlackElo "2260"]
[PlyCount "44"]
[EventDate "2011.06.18"]
[EventType "tourn (corr)"]
[EventRounds "6"]
[EventCountry "GER"]
[SourceTitle "Corr 2015"]
[Source "ChessBase"]
[SourceDate "2015.07.17"]
[SourceVersion "1"]
[SourceVersionDate "2015.07.17"]
[SourceQuality "1"]

1. d4 Nf6 2. c4 e6 3. Nc3 Bb4 4. e3 0-0 5. Bd3 d5 6. Nf3 c5 7. 0-0 Nc6 8. a3 Ba5 9. cxd5 exd5 10. dxc5 Bxc3 11. bxc3 Bg4 12. c4 Ne5 13. cxd5 Bxf3 14. gxf3 Nxd5 15. f4 Nxd3 16. Qxd3 Qf6 17. Bb2 Nxf4 18. Bxf6 Nxd3 19. Bd4 Rfc8 20. Rfb1 Nxc5 21. Bxc5 Rxc5 22. Rxb7 a5 1/2-1/2

[Event "SM-2011-0-00165"]
[Site "LSS email"]
[Date "2011.07.22"]
[Round "?"]
[White "Sander, Ingo"]
[Black "Hrubaru, Mircea"]
[Result "1-0"]
[WhiteElo "2243"]
[BlackElo "1946"]
[PlyCount "23"]
[EventDate "2011.06.28"]
[EventType "tourn (corr)"]
[EventRounds "6"]
[EventCountry "GER"]
[SourceTitle "Corr 2015"]
[Source "ChessBase"]
[SourceDate "2015.07.17"]
[SourceVersion "1"]
[SourceVersionDate "2015.07.17"]
[SourceQuality "1"]

1. d4 d5 2. c4 c6 3. Nf3 Nf6 4. e3 e6 5. b3 Nbd7 6. Bb2 b6 7. Bd3 Bb7 8. 0-0 Bd6 9. Nbd2 0-0 10. Ne5 Qe7 11. Qf3 Rfd8 12. Qh3 1-0

[Event "SM-2011-0-00164"]
[Site "LSS email"]
[Date "2011.07.13"]
[Round "?"]
[White "Sander, Ingo"]
[Black "Kuhne, Detlev"]
[Result "1/2-1/2"]
[WhiteElo "2247"]
[BlackElo "2280"]
[PlyCount "58"]
[EventDate "2011.06.18"]
[EventType "tourn (corr)"]
[EventRounds "6"]
[EventCountry "GER"]
[SourceTitle "Corr 2015"]
[Source "ChessBase"]
[SourceDate "2015.07.17"]
[SourceVersion "1"]
[SourceVersionDate "2015.07.17"]
[SourceQuality "1"]

1. d4 Nf6 2. c4 e6 3. Nc3 Bb4 4. e3 0-0 5. Bd3 d5 6. Nf3 c5 7. 0-0 Nc6 8. a3 Bxc3 9. bxc3 dxc4 10. Bxc4 Qc7 11. Bd3 e5 12. Qc2 Re8 13. Nxe5 Nxe5 14. dxe5 Qxe5 15. f3 Bd7 16. a4 Rad8 17. e4 Bc6 18. Bc4 b6 19. Bd2 Rd7 20. Rfd1 Red8 21. Be1 h6 22. Rxd7 Rxd7 23. Qe2 Nh5 24. g3 Nf6 25. a5 Rd8 26. axb6 axb6 27. Kg2 g5 28. Ra7 Rd7 29. Rxd7 Nxd7 1/2-1/2

[Event "SM-2011-0-00158"]
[Site "LSS email"]
[Date "2011.06.06"]
[Round "?"]
[White "Sander, Ingo"]
[Black "Ulasevich, Sergei"]
[Result "1/2-1/2"]
[WhiteElo "2243"]
[BlackElo "2251"]
[PlyCount "110"]
[EventDate "2011.04.30"]
[EventType "tourn (corr)"]
[EventRounds "6"]
[EventCountry "GER"]
[SourceTitle "Telechess CBM 153"]
[Source "ChessBase"]
[SourceDate "2013.03.14"]
[SourceVersion "1"]
[SourceVersionDate "2013.03.14"]
[SourceQuality "1"]

1. d4 Nf6 2. c4 g6 3. g3 Bg7 4. Bg2 0-0 5. Nc3 d6 6. Nf3 c6 7. 0-0 Qb6 8. b3 e5 9. d5 cxd5 10. cxd5 Bd7 11. Nd2 Rc8 12. Nce4 Ne8 13. Nc4 Qa6 14. Bb2 b5 15. Ne3 Qb6 16. Qd2 Na6 17. Rac1 Bh6 18. h4 f6 19. f4 Nc5 20. Nxc5 Rxc5 21. Rxc5 Qxc5 22. Kh1 f5 23. h5 Qb6 24. hxg6 hxg6 25. Nc2 Rc8 26. Nb4 Kf7 27. e3 e4 28. Bd4 Qb7 29. g4 Bg7 30. gxf5 gxf5 31. Bxg7 Nxg7 32. Bh3 Nh5 33. Rg1 Nf6 34. Rg5 Qc7 35. Nc6 Bxc6 36. dxc6 Qxc6 37. Bxf5 Qc1+ 38. Qxc1 Rxc1+ 39. Kh2 a6 40. Bg6+ Ke7 41. Bf5 Kf8 42. Rg2 Rc3 43. Re2 Ke7 44. Kg3 Rc5 45. Bh3 Nd5 46. Bf5 b4 47. Rh2 Nf6 48. Bg4 Rc3 49. Re2 Nd5 50. Bf5 Rxe3+ 51. Rxe3 Nxe3 52. Bxe4 Nd1 53. Bc2 Nc3 54. Kf3 Nxa2 55. Ke4 Nc3+ 1/2-1/2

[Event "SM-2011-0-00149"]
[Site "LSS email"]
[Date "2011.03.26"]
[Round "?"]
[White "Totorat, Udo"]
[Black "Sander, Ingo"]
[Result "1/2-1/2"]
[WhiteElo "2206"]
[BlackElo "2258"]
[PlyCount "47"]
[EventDate "2011.02.25"]
[EventType "tourn (corr)"]
[EventRounds "6"]
[EventCountry "GER"]
[SourceTitle "Telechess CBM 157"]
[Source "ChessBase"]
[SourceDate "2013.11.12"]
[SourceVersion "1"]
[SourceVersionDate "2013.11.12"]
[SourceQuality "1"]

1. e4 e6 2. d4 d5 3. Nc3 Nf6 4. e5 Nfd7 5. f4 c5 6. Nf3 Nc6 7. Be3 cxd4 8. Nxd4 Bc5 9. Qd2 0-0 10. 0-0-0 a6 11. Qf2 Qe7 12. Kb1 Nxd4 13. Bxd4 b5 14. Bd3 Bxd4 15. Qxd4 Bb7 16. Rhf1 b4 17. Na4 Bc6 18. Nb6 Nxb6 19. Qxb6 Bb5 20. f5 Bxd3 21. Rxd3 exf5 22. Rxd5 Qe6 23. Qd6 a5 24. b3 1/2-1/2

[Event "CP-2010-P-00039"]
[Site "LSS email"]
[Date "2010.09.28"]
[Round "?"]
[White "Molina, Vicente Andres"]
[Black "Sander, Ingo"]
[Result "0-1"]
[WhiteElo "807"]
[BlackElo "2224"]
[PlyCount "54"]
[EventDate "2010.10.01"]
[EventType "tourn (corr)"]
[EventRounds "6"]
[EventCountry "GER"]
[SourceTitle "Telechess CBM 143"]
[Source "ChessBase"]
[SourceDate "2011.07.15"]
[SourceVersion "1"]
[SourceVersionDate "2011.07.15"]
[SourceQuality "1"]

1. c4 Nf6 2. Nc3 g6 3. d4 Bg7 4. e4 d6 5. g3 0-0 6. Bg2 e5 7. Nge2 Nbd7 8. 0-0 exd4 9. Nxd4 Re8 10. Re1 a6 11. h3 Rb8 12. Be3 c5 13. Nc2 Ne5 14. b3 b5 15. Nd5 bxc4 16. bxc4 Nxc4 17. Bf4 Nxd5 18. exd5 Rxe1+ 19. Qxe1 g5 20. Be3 Bf5 21. Rc1 Bb2 22. g4 Bg6 23. Qe2 Nxe3 24. Nxe3 Bxc1 25. Nc4 Bf4 26. Bf3 Qf6 27. Kg2 Qd4 0-1

[Event "CP-2010-P-00039"]
[Site "LSS email"]
[Date "2010.09.28"]
[Round "?"]
[White "Sander, Ingo"]
[Black "Chamaev, Aleksandr Viktorovi"]
[Result "1/2-1/2"]
[WhiteElo "2235"]
[BlackElo "2178"]
[PlyCount "80"]
[EventDate "2010.10.01"]
[EventType "tourn (corr)"]
[EventRounds "6"]
[EventCountry "GER"]
[SourceTitle "Telechess CBM 151"]
[Source "ChessBase"]
[SourceDate "2012.11.13"]
[SourceVersion "1"]
[SourceVersionDate "2012.11.13"]
[SourceQuality "1"]

1. c4 e5 2. Nc3 Nc6 3. g3 g6 4. Bg2 Bg7 5. e4 d6 6. Nge2 Be6 7. d3 Qd7 8. Nd5 Nce7 9. d4 c6 10. Ne3 exd4 11. Nxd4 Bh3 12. 0-0 Bxg2 13. Kxg2 Nf6 14. f3 h5 15. a4 h4 16. g4 0-0-0 17. a5 Ne8 18. a6 b6 19. h3 Nc7 20. Qd3 d5 21. cxd5 cxd5 22. e5 Bxe5 23. Nec2 Rde8 24. Bd2 Kb8 25. Rac1 Rhg8 26. Nb4 Ka8 27. f4 Bd6 28. Rfe1 Bc5 29. Nf3 f6 30. Nd4 Nc8 31. f5 gxf5 32. Qxf5 Rd8 33. Qxd7 Rxd7 34. Ne6 Nxe6 35. Rxe6 f5 36. Nd3 fxg4 37. Nxc5 bxc5 38. Rxc5 Nb6 39. hxg4 Rxg4+ 40. Kh3 Rg3+ 1/2-1/2

[Event "CP-2010-P-00039"]
[Site "LSS email"]
[Date "2010.09.28"]
[Round "?"]
[White "Sander, Ingo"]
[Black "Pons, Francisco"]
[Result "1-0"]
[WhiteElo "2235"]
[BlackElo "1325"]
[PlyCount "65"]
[EventDate "2010.10.01"]
[EventType "tourn (corr)"]
[EventRounds "6"]
[EventCountry "GER"]
[SourceTitle "Telechess CBM 151"]
[Source "ChessBase"]
[SourceDate "2012.11.13"]
[SourceVersion "1"]
[SourceVersionDate "2012.11.13"]
[SourceQuality "1"]

1. c4 Nf6 2. Nc3 g6 3. g3 Bg7 4. Bg2 c5 5. Nf3 0-0 6. 0-0 Nc6 7. d4 cxd4 8. Nxd4 Ng4 9. e3 Nxd4 10. exd4 d6 11. b3 Nh6 12. Bd2 Bxd4 13. Bxh6 Bxc3 14. Bxf8 Bxa1 15. Bxe7 Qxe7 16. Qxa1 Bf5 17. Re1 Qd7 18. h4 Re8 19. Rxe8+ Qxe8 20. Bxb7 Qe2 21. Qf6 Be6 22. Qd8+ Kg7 23. Qa5 Qd1+ 24. Kg2 Qd4 25. Bd5 Bxd5+ 26. Qxd5 Qxd5+ 27. cxd5 Kf6 28. f4 h5 29. Kf3 Ke7 30. f5 Kf6 31. fxg6 fxg6 32. Kf4 a5 33. a3 1-0